Niger : Assessment Letter for the World Bank and the European Union.

Niger's macroeconomic performance in 2010 was strong, mainly reflecting the exceptional 2010-11 harvest. The bumper crop and the completion of the year-long transition to democracy have also brightened the near-term economic outlook. The recently-adopted revised 2011 budget foresees an increase...

Full description

Bibliographic Details
Corporate Author: International Monetary Fund
Format: Journal
Language:English
Published: Washington, D.C. : International Monetary Fund, 2011.
Series:Policy Papers; Policy Paper ; No. 2011/006
Subjects:
Online Access:Full text available on IMF
LEADER 01716cas a2200253 a 4500
001 AALejournalIMF020049
008 230101c9999 xx r poo 0 0eng d
020 |c 5.00 USD 
020 |z 9781498338790 
022 |a 2663-3493 
040 |a BD-DhAAL  |c BD-DhAAL 
110 2 |a International Monetary Fund. 
245 1 0 |a Niger :   |b Assessment Letter for the World Bank and the European Union. 
264 1 |a Washington, D.C. :  |b International Monetary Fund,  |c 2011. 
300 |a 1 online resource (3 pages) 
490 1 |a Policy Papers 
500 |a <strong>Off-Campus Access:</strong> No User ID or Password Required 
500 |a <strong>On-Campus Access:</strong> No User ID or Password Required 
506 |a Electronic access restricted to authorized BRAC University faculty, staff and students 
520 3 |a Niger's macroeconomic performance in 2010 was strong, mainly reflecting the exceptional 2010-11 harvest. The bumper crop and the completion of the year-long transition to democracy have also brightened the near-term economic outlook. The recently-adopted revised 2011 budget foresees an increase in expenditure financed in large part by the expected pick-up in external support, helped by the freeing up of resources as ill-targeted fuel price subsidies are gradually phased out. The authorities have expressed a wish to initiate discussions on an economic program that could be supported by the Fund under the Extended Credit Facility in the coming months.a. 
538 |a Mode of access: Internet 
651 7 |a Niger  |2 imf 
830 0 |a Policy Papers; Policy Paper ;  |v No. 2011/006 
856 4 0 |z Full text available on IMF  |u http://elibrary.imf.org/view/journals/007/2011/006/007.2011.issue-006-en.xml  |z IMF e-Library